| 000 | 00833nam a22002651 4500 | ||
|---|---|---|---|
| 001 | 134170 | ||
| 003 | ES-MaACL | ||
| 005 | 20250807224948.0 | ||
| 007 | t| | ||
| 008 | 070906s1960 sp ||||0| spa d | ||
| 016 | 7 | _zIND2000943723 | |
| 040 |
_aM-BN _bspa _cCDM |
||
| 080 | _a173.1(04) | ||
| 100 | 1 |
_aWeyergans, Franz. _9116599 |
|
| 245 | 1 | 0 |
_aGente feliz / _cFranz Weyergans ; [traducción... por Blanca Escudero Bravo]. |
| 260 |
_aMadrid : _bEuramérica, _c[1960] ( _fNebrija) |
||
| 300 |
_a168 p., 1 h ; _c18 cm. |
||
| 490 | 1 |
_aMatrimonio y hogar ; _v8 |
|
| 650 | 1 | 7 |
_aMatrimonio _2embne _914855 |
| 650 | 1 | 7 |
_aRelaciones marido mujer _2embne _916791 |
| 700 | 1 |
_aEscudero Bravo, Blanca. _947701 |
|
| 830 | 0 | 0 |
_aMatrimonio y hogar _v8 _9181380 |
| 852 |
_aES-MaACL _jC-19765 _bR.47025 |
||
| 999 |
_c134170 _d134170 |
||